| 000 | 00630nam a2200253 a 4500 | ||
|---|---|---|---|
| 001 | 0001-1220 | ||
| 003 | ELIB.Books | ||
| 008 | 150529 2010 eng | ||
| 020 | _aKBTS | ||
| 035 | _a(ELIB.Books)0001-1375 | ||
| 092 |
_aJ _bPau |
||
| 100 | _aPau Khan En, Simon. | ||
| 245 | _aThe Significance of Bonhoeffer in Doing Theology | ||
| 250 | _aVol 6. | ||
| 260 |
_aMIT _bJudson Research Center _c2006 |
||
| 300 |
_a80-89 _c25 Cm |
||
| 500 | _aVol 6. | ||
| 650 | _aJournal | ||
| 856 |
_nKBTS: Library _uKBTS: Elib |
||
| 942 |
_2ddc _cBK |
||
| 990 | _a1 | ||
| 998 |
_cbat _e2015-05-29 |
||
| 999 |
_c11220 _d11220 |
||